Theorie statistique des champs. T.2 /

Đã lưu trong:
书目详细资料
主要作者: Itzykson, Claude
格式: 图书
语言:Vietnamese
出版: InterÉditions ; CNRS Éditions 1989
标签: 添加标签
没有标签, 成为第一个标记此记录!
Thư viện lưu trữ: Mạng thư viện Đại học Đà Nẵng
LEADER 00659nam a2200265 4500
001 000027568
003 IT-C89
005 20150403120000.0
008 150403s vm 000 vie
020 |c 0,0000 
040 |a notts 
100 |a Itzykson, Claude 
245 |a Theorie statistique des champs. T.2 /  |c ClaudeItzykson, Jean-Michel Drouffe. 
260 |b InterÉditions ; CNRS Éditions  |c 1989 
OWN |a LTT 
999 |a From the UDN01 
TYP |a Monograph 
TYP |a Printed language 
980 |a Mạng thư viện Đại học Đà Nẵng